000 00283nam a2200121Ia 4500
008 230303s9999 xx 000 0 und d
041 _aeng
082 _a004.365 SRI
100 _aSRINIVASAN (N) SURESH (J)
245 _aCLOUD COMPUTING
260 _aLONDON
_bPEARSON
365 _cRS
999 _c187007
_d187007